[Event "SVK-ch op-B"]
[Site "Zvolen"]
[Date "2008.07.09"]
[Round "5"]
[White "Gombar, Peter"]
[Black "Komlosi, Frantisek"]
[Result "1-0"]
[WhiteElo "2054"]
[BlackElo "1906"]
[PlyCount "85"]
[EventDate "2008.07.06"]
[EventType "swiss"]
[EventRounds "9"]
[EventCountry "SVK"]
[SourceTitle "EXT 2009"]
[Source "ChessBase"]
[SourceDate "2008.11.26"]
[SourceVersion "1"]
[SourceVersionDate "2008.11.26"]
[SourceQuality "1"]

1. e4 d6 2. d4 Nf6 3. Nc3 g6 4. Be3 Bg7 5. h3 0-0 6. f4 c6 7. Bd3 Qc7 8. Nf3 Nbd7 9. Qd2 e5 10. dxe5 dxe5 11. f5 Nh5 12. g4 Nf4 13. 0-0-0 b5 14. Ne2 Nxd3+ 15. cxd3 Nb6 16. Bh6 Rd8 17. Bxg7 Kxg7 18. h4 Nc4 19. f6+ Kxf6 20. Qg5+ Kg7 21. dxc4 f6 22. Qe3 Bxg4 23. c5 Qa5 24. Kb1 b4 25. Rd6 b3 26. axb3 Rxd6 27. cxd6 Bxf3 28. Qxf3 Qd2 29. h5 Qxd6 30. hxg6 hxg6 31. Qh3 Kf7 32. Nc3 Rd8 33. Rd1 Qf8 34. Qh7+ Ke6 35. Rxd8 Qxd8 36. Qxg6 Qd3+ 37. Ka2 Qa6+ 38. Na4 c5 39. Qe8+ Kd6 40. Qf8+ Ke6 41. Qxc5 f5 42. Qf8 fxe4 43. Qh6+ 1-0